00789nam a2200229 a 450000500170000000800410001702000150005804000270007304100080010004400070010811000410011524500770015625000220023326001060025530000490036165000280041065000290043866200230046770000240049071000290051471000160054320191224041738.0140115s2003 ck a gr|||| 000 0 spa d a9586557251 aCO-BoIAVH cCO-BoIAVH 0 aspa ack2 bComunidades indígenas Amazónicas10aSelva cuenta :bpueblos y relatos /cCompilación de Juan Carlos Orrego aPrimera edición aMedellín :bUniversidad de Antioquia :bColciencias :bComunidades indígenas Amazónicas,c2003. a78 páginas :bIlustraciones ;c28 x 22 cm. 6aComunidades indígenas 6aNiños y medio ambiente aColombiabAmazonas1 aOrrego, Juan Carlos2 aUniversidad de Antioquia2 aColciencias